| 000 | 00913nam a2200265 i 4500 | ||
|---|---|---|---|
| 001 | 13422 | ||
| 003 | ES-MaACL | ||
| 005 | 20250728095015.0 | ||
| 007 | t| | ||
| 008 | 980309s1996 ck ||||1| spa d | ||
| 020 | _a958-665-001-4 | ||
| 080 | _a330.82 | ||
| 100 | 1 |
_aDworkin, R. M. (1931-) _9148248 |
|
| 245 | 1 | 3 |
_aLa comunidad liberal / _cRonald Dworkin ; estudio preliminar Daniel Bonilla, Isabel Cristina Jaramillo. |
| 260 |
_aSantafé de Bogotá : _bSiglo del Hombre : _bUniversidad de los Andes, Facultad de Derecho, _c1996. |
||
| 300 |
_a191 p. ; _c19 cm. |
||
| 490 | 1 | _aNuevo pensamiento jurídico | |
| 504 | _aBibliografía : p. 185-191. | ||
| 650 | 1 | 7 |
_aLiberalismo _2embne _914386 |
| 700 | 1 |
_aBonilla, Daniel. _930175 |
|
| 700 | 1 |
_aJaramillo, Isabel Cristina. _966101 |
|
| 830 | 0 |
_aNuevo pensamiento jurídico _9228412 |
|
| 852 |
_aES-MaACL _jL-20769 _bR.125797 |
||
| 999 |
_c13422 _d13422 |
||